00646cam a2200205 a 4500020003900000020003800039041001200077082001600089100002300105245002900128260005300157300002500210650002600235650002000261700002400281700001600305942000700321952009500328999001700423 a9780253355164 (cloth : alk. paper) a9780253222275 (pbk. : alk. paper) aEnglish00a261.55bSMI aSmith, James K. A.00aScience and the spirit : aBloomington :bIndiana University Press,cc2010. aix, 217 p. :bill. ; 0aReligion and science. 0aPentecostalism.1 aSmith, James K. A.,1 aYong, Amos. cBK 00104070aHMIbHMIcGENd2018-10-23l0o261.55 SMIp11003712r2026-01-16w2026-01-16yBK c22342d22342